00476 2200169 4500001002100000008004100021035002000062245005700082100003200139260004500171300002000216020001800236084001400254082000800268650001700276990001300293INLIS000000000000348 Ind  a0010-0226000348 aMengenal Ikan Air TawarcDadan Ahmad s. Siti Mulyati aDadan Ahmad s. Siti Mulyati aBandung :bCV Nuansa Citra Grafikac2007 a74 hlm.c21 cm. a979-3711-35-3 a600 DAD m a600 aIlmu Terapan ap/2305/1